Final Fantasy VII Characters - Sudden Death - Statistics

General Stats
  • This quiz has been taken 178 times
    174 since last reset
  • The average score is 8 of 9
Answers on the Grid
Answers color-coded by a green-red scale on the quiz's grid according to % correct below.
Aerith
Ashe
Barret
Bartz
Cait Sith
Cecil
Cid
Cloud
Firion
Gladiolus
Lenna
Lightning
Locke
Maria
Noctis
Ramza
Red XIII
Rinoa
Rosa
Sabin
Sazh
Squall
Terra
Tidus
Tifa
Vaan
Vincent
Vivi
Wakka
Yuffie
Yuna
Zidane
 
Answer Stats
Answer % Correct
Aerith
98%
Cait Sith
90%
Barret
89%
Cloud
89%
Tifa
86%
Red XIII
85%
Yuffie
85%
Cid
84%
Vincent
79%
No matching quizzes found
Score Distribution
Percent of People with Each Score
Percentile by Number Answered
Your Score History
You have not taken this quiz since the last reset